| 000 | 00976pam a2200289 a 4500 | ||
|---|---|---|---|
| 001 | 6459 | ||
| 003 | FISKH | ||
| 005 | 20250506090423.0 | ||
| 008 | 971230s1998 mauab b b 000 0 eng | ||
| 010 | _a 97053080 | ||
| 020 | _a0395899990 | ||
| 020 | _a9780618494880 | ||
| 040 |
_aDLC _cDLC _dDLC _beng |
||
| 050 | _aG133 .J46 | ||
| 082 | _a910 | ||
| 100 | 1 |
_aJenkins, Steve, _d1952-2021. |
|
| 245 | 1 | 0 |
_aHottest, coldest, highest, deepest / _cSteve Jenkins. |
| 260 |
_aBoston : _bHoughton Mifflin, _c1998. |
||
| 300 |
_a32 unnumbered pages : _bcolor illustrations ; color images ; _c21 x 26 cm. |
||
| 504 | _aIncludes bibliographical references. | ||
| 520 | _aDescribes some of the remarkable places on earth, including the hottest, coldest, windiest, snowiest, highest, and deepest. | ||
| 650 | 0 |
_aGeography _xJuvenile literature. |
|
| 650 | 1 |
_aGeography _xMiscellanea. |
|
| 906 |
_a7 _bcbc _corignew _d1 _eocip _f19 _gy-gencatlg |
||
| 942 |
_2ddc _cBK _n0 |
||
| 999 |
_c6459 _d6459 |
||